Budovanie systému manažovania talentov

Trendy súčasného obdobia. Stará a nová realita v riadení ľudských zdrojov. Vývoj roly manažérov ĽZ. Tvorba hodnoty firmy. Základné prínosy talent manažmentu pre firmy.

Salvato in:
Dettagli Bibliografici
Autore principale: Palka, Miroslav
Natura: Capitolo di libro
Lingua:slovacco
Soggetti:
Tags: Aggiungi Tag
Nessun Tag, puoi essere il primo ad aggiungerne!!

MARC

LEADER 00000nla$a2200000$$$4500
001 0122860
005 20230113082844.7
041 0 |a slo 
044 |a SK 
245 1 0 |a Budovanie systému manažovania talentov  |c Miroslav Palka 
520 |a Trendy súčasného obdobia. Stará a nová realita v riadení ľudských zdrojov. Vývoj roly manažérov ĽZ. Tvorba hodnoty firmy. Základné prínosy talent manažmentu pre firmy. 
610 2 0 |a talenty 
610 2 0 |a riadenie ľudských zdrojov 
610 2 0 |a manažment personálny 
610 2 0 |a kompetencie 
100 1 |a Palka, Miroslav